[Event "41st Olympiad Women 2014"]
[Site "Tromso NOR"]
[Date "2014.08.04"]
[Round "3.7"]
[Board "1"]
[White "Peptan, Corina-Isabela"]
[Black "Sukandar, Irine Kharisma"]
[Result "1/2-1/2"]
[WhiteTitle "IM"]
[BlackTitle "WGM"]
[WhiteElo "2422"]
[BlackElo "2396"]
[WhiteTeam "Romania"]
[BlackTeam "Indonesia"]
[WhiteFideId "1201930"]
[BlackFideId "7101937"]
[EventDate "2014.08.02"]

1. d4 Nf6 2. Nf3 e6 3. e3 b6 4. Bd3 Bb7 5. O-O Be7 6. c4 c5 7. Nc3 d5 8. cxd5
exd5 9. b3 O-O 10. Bb2 Nbd7 11. Rc1 Re8 12. Qe2 Ne4 13. Rfd1 Bf6 14. dxc5 Nxc3
15. Bxc3 Bxc3 16. c6 Bxc6 17. Rxc3 Nc5 18. b4 Nxd3 19. Qxd3 Bb7 20. Nd4 Rc8 21.
Rdc1 Rc4 22. b5 Qg5 23. Qf5 Qxf5 24. Nxf5 Rd8 25. Kf1 a6 26. a4 axb5 27. axb5 g6
28. Nd4 Rdc8 29. Rxc4 dxc4 30. f3 Kf8 31. Nc2 Ke7 32. e4 Rc5 33. Na3 c3 34. Ke2
Bc8 35. Kd3 Bd7 36. Rxc3 Bxb5+ 37. Nxb5 Rxb5 38. Rc7+ Ke6 39. f4 Rb2 40. g4 Rxh2
41. Rc6+ Ke7 42. Rxb6 Rh4 43. Rb7+ Ke8 44. Rb8+ Ke7 45. Rb7+ Ke8 46. Rb8+ 1/2-1/2

[Event "41st Olympiad Women 2014"]
[Site "Tromso NOR"]
[Date "2014.08.04"]
[Round "3.7"]
[Board "2"]
[White "Aulia, Medina Warda"]
[Black "Foisor, Cristina-Adela"]
[Result "1-0"]
[WhiteTitle "WGM"]
[BlackTitle "IM"]
[WhiteElo "2397"]
[BlackElo "2404"]
[WhiteTeam "Indonesia"]
[BlackTeam "Romania"]
[WhiteFideId "7101570"]
[BlackFideId "1200496"]
[EventDate "2014.08.02"]

1. e4 g6 2. d4 Bg7 3. Nc3 d6 4. f4 a6 5. Nf3 b5 6. Bd3 Bb7 7. e5 e6 8. Be4 Bxe4
9. Nxe4 d5 10. Nc5 Nd7 11. Nd3 Ne7 12. Be3 Qb8 13. O-O O-O 14. Bf2 Qb6 15. Qe2
a5 16. a4 Rfb8 17. Kh1 bxa4 18. Rxa4 Qb5 19. Ra3 Nc6 20. Rc3 Bf8 21. f5 Bb4 22.
Ng5 Bxc3 23. bxc3 exf5 24. Nxf7 Kxf7 25. e6+ Kg7 26. exd7 Rf8 27. Bh4 h6 28. Qe3
Rf7 29. Re1 Rxd7 30. Bf6+ Kxf6 31. Qe6+ Kg5 32. Qxd7 a4 33. Ne5 a3 34. Nf3+ Kg4
35. Qxc7 Kh5 36. Qf4 g5 37. Qxf5 Ne5 38. Nxe5 1-0

[Event "41st Olympiad Women 2014"]
[Site "Tromso NOR"]
[Date "2014.08.04"]
[Round "3.7"]
[Board "3"]
[White "L'Ami, Alina"]
[Black "Sihite, Chelsie Monica Ignesias"]
[Result "0-1"]
[WhiteTitle "WGM"]
[BlackTitle "WIM"]
[WhiteElo "2446"]
[BlackElo "2206"]
[WhiteTeam "Romania"]
[BlackTeam "Indonesia"]
[WhiteFideId "1210246"]
[BlackFideId "7101198"]
[EventDate "2014.08.02"]

1. d4 Nf6 2. c4 e6 3. Nc3 Bb4 4. Qc2 d5 5. a3 Bxc3+ 6. Qxc3 Ne4 7. Qc2 c5 8.
dxc5 Nc6 9. cxd5 exd5 10. e3 Qf6 11. f3 Qh4+ 12. g3 Nxg3 13. Qf2 Nf5 14. Qxh4
Nxh4 15. b4 O-O 16. Kf2 Be6 17. Bb2 f5 18. Nh3 d4 19. exd4 f4 20. Rg1 g6 21. b5
Na5 22. Bc3 Nc4 23. Bxc4 Bxc4 24. Rg4 Nf5 25. Rxf4 Bxb5 26. Ng5 Bc4 27. Re1 h6
28. Ne6 Rf7 29. Rfe4 g5 30. Re5 Nh4 31. R1e3 Ng6 32. R5e4 Bd5 33. Rg4 Re8 34.
Nxg5 Rxe3 35. Nxf7 Rxf3+ 36. Ke2 Kxf7 37. Bd2 Rxa3 0-1

[Event "41st Olympiad Women 2014"]
[Site "Tromso NOR"]
[Date "2014.08.04"]
[Round "3.7"]
[Board "4"]
[White "Citra, Dewi Ardhiani Anastasia"]
[Black "Cosma, Elena-Luminita"]
[Result "0-1"]
[WhiteTitle "WFM"]
[BlackTitle "WGM"]
[WhiteElo "2128"]
[BlackElo "2327"]
[WhiteTeam "Indonesia"]
[BlackTeam "Romania"]
[WhiteFideId "7101244"]
[BlackFideId "1201590"]
[EventDate "2014.08.02"]

1. e4 e6 2. d3 d5 3. Nd2 Nf6 4. Ngf3 b6 5. e5 Nfd7 6. d4 Be7 7. c3 c5 8. Bb5 Ba6
9. a4 Bxb5 10. axb5 a5 11. O-O Nf8 12. Ne1 Qd7 13. Qa4 Ng6 14. f4 O-O 15. Nc2
Ra7 16. Nf3 Rc7 17. Be3 Rcc8 18. Rf2 f6 19. exf6 Rxf6 20. dxc5 Bxc5 21. g3 Qd6
22. Ncd4 Nd7 23. Re2 e5 24. fxe5 Ndxe5 25. Nxe5 Qxe5 26. Rae1 Rcf8 27. Qc2 Qh5
28. Bf2 Qg4 29. Kh1 Ne5 30. Bg1 Bxd4 31. Bxd4 Rf1+ 32. Rxf1 Rxf1+ 33. Bg1 Nf3
34. Rg2 Qh3 35. Qf2 Rxf2 36. Rxf2 Qg4 37. Kg2 Nxg1 38. Kxg1 Qc4 39. Kg2 Qxb5 40.
g4 d4 41. cxd4 Qd5+ 42. Kg3 Qxd4 43. h4 h6 44. b3 b5 45. Rf3 a4 46. bxa4 bxa4
47. g5 hxg5 48. hxg5 a3 49. g6 Qd6+ 50. Kh4 Qf6+ 0-1

[Event "41st Olympiad Women 2014"]
[Site "Tromso NOR"]
[Date "2014.08.04"]
[Round "3.9"]
[Board "1"]
[White "Ziaziulkina, Nastassia"]
[Black "Haast, Anne"]
[Result "1-0"]
[WhiteTitle "IM"]
[BlackTitle "WIM"]
[WhiteElo "2407"]
[BlackElo "2324"]
[WhiteTeam "Belarus"]
[BlackTeam "Netherlands"]
[WhiteFideId "13505211"]
[BlackFideId "1017292"]
[EventDate "2014.08.02"]

1. e4 c5 2. Nf3 e6 3. d4 cxd4 4. Nxd4 Nc6 5. Nc3 Qc7 6. Be3 a6 7. Qd2 Nf6 8. f4
Bb4 9. Bd3 Na5 10. a3 Bxc3 11. Qxc3 Qxc3+ 12. bxc3 d5 13. exd5 exd5 14. Nb3 Nc4
15. Bd4 Ne4 16. Nc5 Ned6 17. Bxg7 Rg8 18. Bd4 Rxg2 19. O-O-O f5 20. Rhg1 Rg6 21.
Be2 Kf8 22. Bh5 Rxg1 23. Rxg1 b6 24. Na4 Rb8 25. Rg7 Rb7 26. Rxb7 Bxb7 27. Nxb6
Nxb6 28. Bxb6 Ke7 29. Bc5 Ke6 30. Kd1 Bc6 31. Be2 Nc4 32. Ke1 Ba4 33. Bd3 Bb5
34. Kf2 Ba4 35. Kg3 Kf6 36. Kh4 Be8 37. Bd4+ Kg6 38. Be2 Bd7 39. Bh5+ Kh6 40.
Bc5 Kg7 41. Kg5 h6+ 42. Kh4 Bc6 43. Be7 Ne3 44. Kg3 Nxc2 45. Kf2 Bb5 46. Bd1 Bd3
47. Be2 Bc4 48. Bh5 Bb5 49. Bd6 Kg8 50. Bg6 Bd3 51. Be8 Kg7 52. Bc6 Bc4 53. Ba4
Bd3 54. Bb3 Be4 55. Bc5 Na1 56. Ba2 Kg6 57. a4 Kh5 58. Kg3 Nc2 59. a5 Kg6 60.
Bb3 Ne1 61. Ba4 Nd3 62. Bd4 Nc1 63. Be8+ Kh7 64. Kf2 Nd3+ 65. Ke3 Ne1 66. Be5
Nf3 67. h3 Nxe5 68. fxe5 Kg7 69. Kf4 Bd3 70. Bc6 Bc4 71. Kxf5 Kf7 72. Bb7 Ke7
73. h4 Bd3+ 74. Kf4 Bc4 75. Ke3 Kd7 76. Kd4 Ke6 77. Bc8+ Ke7 78. Kc5 Kf7 79. Kd6
Bb5 80. Bd7 Bd3 81. e6+ Kf6 82. e7 1-0

[Event "41st Olympiad Women 2014"]
[Site "Tromso NOR"]
[Date "2014.08.04"]
[Round "3.9"]
[Board "2"]
[White "Schut, Lisa"]
[Black "Stetsko, Lanita"]
[Result "1/2-1/2"]
[WhiteTitle "WIM"]
[BlackTitle "FM"]
[WhiteElo "2317"]
[BlackElo "2261"]
[WhiteTeam "Netherlands"]
[BlackTeam "Belarus"]
[WhiteFideId "1019481"]
[BlackFideId "13505300"]
[EventDate "2014.08.02"]

1. e4 e5 2. Nf3 Nc6 3. Bb5 a6 4. Ba4 Nf6 5. O-O Be7 6. Re1 b5 7. Bb3 O-O 8. d4
d6 9. c3 Bg4 10. Bd5 Nxd5 11. exd5 Na5 12. dxe5 dxe5 13. h3 Bxf3 14. Qxf3 Nc4
15. b3 Nb6 16. Rxe5 Bd6 17. Re1 Nxd5 18. Rd1 c6 19. Ba3 Bxa3 20. Nxa3 Qa5 21.
Nb1 Rad8 22. a4 Qc7 23. axb5 axb5 24. c4 bxc4 25. bxc4 Nb4 26. Nc3 Nc2 27. Ra2
Nd4 28. Qh5 Qf4 29. Rad2 Ne6 30. Qe2 Rxd2 31. Rxd2 Ra8 32. Rd1 h6 33. Qe4 Qxe4
34. Nxe4 Ra4 35. Nd6 Kf8 36. g3 Ke7 37. Nf5+ Kf6 38. Ne3 Ke7 39. Kg2 g6 40. h4
h5 41. Kf3 Nc5 42. Rd2 Nd7 43. Ke4 1/2-1/2

[Event "41st Olympiad Women 2014"]
[Site "Tromso NOR"]
[Date "2014.08.04"]
[Round "3.9"]
[Board "3"]
[White "Nevioselaya, Maria"]
[Black "Muhren, Bianca"]
[Result "0-1"]
[BlackTitle "WGM"]
[WhiteElo "2032"]
[BlackElo "2314"]
[WhiteTeam "Belarus"]
[BlackTeam "Netherlands"]
[WhiteFideId "13502280"]
[BlackFideId "1008498"]
[EventDate "2014.08.02"]

1. e4 c5 2. Nf3 e6 3. d4 cxd4 4. Nxd4 Nc6 5. Nc3 Qc7 6. Be3 a6 7. Bd3 Nf6 8. O-O
b5 9. Nxc6 Qxc6 10. a3 Bb7 11. Qe2 Rc8 12. f3 Bc5 13. e5 Nd5 14. Nxd5 Qxd5 15.
Bf2 Bxf2+ 16. Rxf2 Qc5 17. Rd1 O-O 18. c3 f5 19. Bc2 Bd5 20. Rd4 Rcd8 21. f4 Kh8
22. a4 Qb6 23. axb5 axb5 24. Bd3 Bc6 25. h3 Ra8 26. Kh2 Ra4 27. Rd6 Rfa8 28. Rf1
Ra1 29. Rxa1 Rxa1 30. Rd4 Qc5 31. Qh5 Qe7 32. Rb4 g6 33. Qe2 Qc5 34. Bxb5 Qg1+
35. Kg3 Re1 36. Qd2 Bxg2 37. Qxe1 Qxe1+ 38. Kxg2 d6 39. exd6 Qd2+ 40. Kg3 Qxd6
41. Kf3 Qd5+ 42. Kf2 g5 43. fxg5 Qd2+ 44. Be2 Qxg5 45. Rb8+ Kg7 46. Rb7+ Kg6 47.
c4 Qh4+ 48. Kf1 Qxh3+ 49. Kf2 Qh2+ 50. Ke3 f4+ 51. Kd3 Qf2 0-1

[Event "41st Olympiad Women 2014"]
[Site "Tromso NOR"]
[Date "2014.08.04"]
[Round "3.9"]
[Board "4"]
[White "Lanchava, Tea"]
[Black "Kaliadzich, Maryia"]
[Result "1-0"]
[WhiteTitle "IM"]
[WhiteElo "2276"]
[BlackElo "2020"]
[WhiteTeam "Netherlands"]
[BlackTeam "Belarus"]
[WhiteFideId "1005308"]
[BlackFideId "13500015"]
[EventDate "2014.08.02"]

1. c4 e6 2. Nf3 Nf6 3. b3 d5 4. Bb2 c5 5. g3 Be7 6. Bg2 O-O 7. O-O Nc6 8. d3 b6
9. e3 Qc7 10. Qe2 Bb7 11. Nc3 Rad8 12. e4 d4 13. Nb5 Qb8 14. Bc1 Nd7 15. Bh3 Bc8
16. Ne1 a6 17. Na3 b5 18. f4 b4 19. Nac2 Nb6 20. Nf3 a5 21. e5 a4 22. Nd2 Bb7
23. Ne1 Qc7 24. Ne4 Ra8 25. Rb1 axb3 26. axb3 Ra7 27. Qg4 Kh8 28. Qh5 Nd8 29.
Bg2 Ra2 30. g4 f5 31. exf6 gxf6 32. f5 exf5 33. Rxf5 Bxe4 34. Bxe4 Bd6 35. Nf3
Ne6 36. Qh3 Bf4 37. Bxf4 Nxf4 38. Rxf4 1-0

[Event "41st Olympiad Women 2014"]
[Site "Tromso NOR"]
[Date "2014.08.04"]
[Round "3.10"]
[Board "1"]
[White "Nakhbayeva, Guliskhan"]
[Black "Harika, Dronavalli"]
[Result "1/2-1/2"]
[WhiteTitle "WGM"]
[BlackTitle "GM"]
[WhiteElo "2336"]
[BlackElo "2521"]
[WhiteTeam "Kazakhstan"]
[BlackTeam "India"]
[WhiteFideId "13704788"]
[BlackFideId "5015197"]
[EventDate "2014.08.02"]

1. d4 Nf6 2. Nf3 d6 3. g3 Bd7 4. Bg2 Qc8 5. c4 Bh3 6. O-O Bxg2 7. Kxg2 Nbd7 8.
Nc3 e5 9. Bg5 Be7 10. dxe5 Nxe5 11. Nxe5 dxe5 12. Bxf6 Bxf6 13. Nd5 Bd8 14. e4
O-O 15. Qc2 Qe6 16. Rad1 c6 17. Ne3 Be7 18. c5 b6 19. b4 Rfd8 20. a3 bxc5 21.
bxc5 g6 22. Qc3 h5 23. h4 Rd4 24. Rxd4 exd4 25. Qxd4 Rd8 26. Qb4 Qe5 27. Rc1 Rd4
28. Rc4 Qxe4+ 29. f3 Qxe3 30. Rxd4 Qe2+ 31. Kh3 Qf1+ 32. Kh2 Qf2+ 33. Kh3 Qf1+
34. Kh2 Qf2+ 35. Kh3 Qf1+ 1/2-1/2

[Event "41st Olympiad Women 2014"]
[Site "Tromso NOR"]
[Date "2014.08.04"]
[Round "3.10"]
[Board "2"]
[White "Tania, Sachdev"]
[Black "Saduakassova, Dinara"]
[Result "1/2-1/2"]
[WhiteTitle "IM"]
[BlackTitle "WGM"]
[WhiteElo "2418"]
[BlackElo "2375"]
[WhiteTeam "India"]
[BlackTeam "Kazakhstan"]
[WhiteFideId "5007844"]
[BlackFideId "13700090"]
[EventDate "2014.08.02"]

1. d4 Nf6 2. c4 e6 3. Nf3 b6 4. g3 Bb4+ 5. Bd2 Bxd2+ 6. Qxd2 Ba6 7. b3 c6 8. Nc3
d5 9. e4 Nxe4 10. Nxe4 dxe4 11. Ng5 c5 12. Bg2 Nc6 13. dxc5 Qxd2+ 14. Kxd2 f5
15. Nxe6 Kf7 16. Nf4 Ne5 17. cxb6 axb6 18. a4 g5 19. Nd5 Bb7 20. Rhd1 Bxd5 21.
cxd5 Rhd8 22. Ke2 Rac8 23. Rac1 Rxc1 24. Rxc1 Rxd5 25. Rc3 Ke6 26. f3 exf3+ 27.
Bxf3 Nxf3 28. Kxf3 Ke5 29. Re3+ Kd6 30. Ke2 Rd4 31. Rd3 Kc5 32. Rxd4 Kxd4 33. b4
Kc4 34. a5 bxa5 35. bxa5 Kb5 36. Ke3 Kxa5 37. Kd4 Kb6 38. Ke5 f4 39. gxf4 gxf4
40. Kxf4 Kc6 41. Kg5 Kd7 42. Kh6 Ke6 43. h4 Kf5 44. h5 Kg4 45. Kxh7 Kxh5 1/2-1/2

[Event "41st Olympiad Women 2014"]
[Site "Tromso NOR"]
[Date "2014.08.04"]
[Round "3.10"]
[Board "3"]
[White "Abdumalik, Zhansaya"]
[Black "Karavade, Eesha"]
[Result "1-0"]
[WhiteTitle "WGM"]
[BlackTitle "IM"]
[WhiteElo "2333"]
[BlackElo "2392"]
[WhiteTeam "Kazakhstan"]
[BlackTeam "India"]
[WhiteFideId "13703544"]
[BlackFideId "5012600"]
[EventDate "2014.08.02"]

1. e4 c6 2. d4 d5 3. Nd2 dxe4 4. Nxe4 Bf5 5. Ng3 Bg6 6. h4 h6 7. Nf3 e6 8. Ne5
Bh7 9. Qh5 Qc7 10. Bc4 Nf6 11. Qe2 Bd6 12. c3 Bxe5 13. dxe5 Nd5 14. Nh5 O-O 15.
Rh3 Nd7 16. Rg3 Bg6 17. f4 Nc5 18. Nxg7 Kxg7 19. h5 Ne7 20. hxg6 fxg6 21. Be3 b6
22. O-O-O Rad8 23. Rh1 Nf5 24. Rgh3 Qf7 25. Bxc5 bxc5 26. g4 Ne7 27. f5 gxf5 28.
Rxh6 Rh8 29. Bxe6 1-0

[Event "41st Olympiad Women 2014"]
[Site "Tromso NOR"]
[Date "2014.08.04"]
[Round "3.10"]
[Board "4"]
[White "Padmini, Rout"]
[Black "Davletbayeva, Madina"]
[Result "1-0"]
[WhiteTitle "WGM"]
[BlackTitle "WIM"]
[WhiteElo "2318"]
[BlackElo "2289"]
[WhiteTeam "India"]
[BlackTeam "Kazakhstan"]
[WhiteFideId "5029295"]
[BlackFideId "13703595"]
[EventDate "2014.08.02"]

1. e4 e5 2. Nf3 Nc6 3. Bb5 Nf6 4. O-O Nxe4 5. d4 Nd6 6. Bxc6 dxc6 7. dxe5 Nf5 8.
Qxd8+ Kxd8 9. Nc3 Ke8 10. h3 h6 11. b3 b6 12. Ne4 c5 13. Bf4 Bb7 14. Rfe1 Nd4
15. Nxd4 cxd4 16. Bd2 a5 17. a4 Bb4 18. Bxb4 axb4 19. Ng3 g6 20. Ne2 c5 21. Nf4
g5 22. Nd3 Ra5 23. f4 Ke7 24. Kf2 Rha8 25. f5 Bc6 26. g4 Rc8 27. Ke2 Rh8 28. Kf2
Rc8 29. Rab1 Bb7 30. Rbd1 Ba6 31. Nb2 b5 32. Ra1 Ra8 33. Rad1 Bb7 34. axb5 Ra2
35. Na4 Ra5 36. Ra1 Rxc2+ 37. Re2 Rxe2+ 38. Kxe2 Rxb5 39. Rc1 c4 40. Rxc4 Rxe5+
41. Kd2 Bg2 42. Rxb4 Re3 43. Nc5 Rc3 44. Nd3 Bxh3 45. Rb7+ Kf6 46. Rb6+ Kg7 47.
f6+ Kh7 48. Ne5 Re3 49. Rb5 Re4 50. Nxf7 Bxg4 51. Ne5 Be6 52. Rb7+ Kg8 53. Rb8+
Kh7 54. Rb7+ Kg8 55. Rg7+ Kf8 56. Ng6+ Ke8 57. Re7+ Kd8 58. Kd3 Re1 59. Rxe6
Rxe6 60. f7 Rf6 61. f8=Q+ Rxf8 62. Nxf8 Ke7 63. Ng6+ Kf6 64. b4 h5 65. Kxd4 h4
66. Ke4 h3 67. Ne5 Ke6 68. Ng4 Kd6 69. Kd4 Ke6 70. Ke4 Kd6 71. Nh2 Kc6 72. Kd4
Kb5 73. Kc3 Kc6 74. Kc4 Kd6 75. b5 Kc7 76. Kc5 Kb7 77. b6 Kb8 78. Kc6 Kc8 79.
b7+ Kb8 80. Ng4 1-0

[Event "41st Olympiad Women 2014"]
[Site "Tromso NOR"]
[Date "2014.08.04"]
[Round "3.11"]
[Board "3"]
[White "Isgandarova, Khayala"]
[Black "Djingarova, Emilia"]
[Result "1-0"]
[WhiteTitle "WIM"]
[BlackTitle "WGM"]
[WhiteElo "2190"]
[BlackElo "2303"]
[WhiteTeam "Turkey"]
[BlackTeam "Bulgaria"]
[WhiteFideId "13401823"]
[BlackFideId "2903229"]
[EventDate "2014.08.02"]

1. e4 d6 2. d4 Nf6 3. Nc3 e5 4. Nf3 Nbd7 5. Be2 Be7 6. O-O O-O 7. b3 c6 8. Bb2
Qc7 9. Ne1 Re8 10. Kh1 Nf8 11. f4 Ne6 12. dxe5 dxe5 13. fxe5 Qxe5 14. Nd3 Qc7
15. e5 Nd5 16. Nxd5 cxd5 17. Ne1 d4 18. Nf3 Bc5 19. Bd3 Bd7 20. Qe1 Bc6 21. Qh4
h6 22. Bc1 Bf8 23. Qg4 g6 24. Bd2 Rad8 25. Rae1 Bg7 26. Nh4 Nf8 27. e6 Rxe6 28.
Rxe6 Nxe6 29. Bxg6 Be8 30. Bd3 Ng5 31. Nf5 Qe5 32. h4 Ne6 33. Nxh6+ Kh8 34. Rf5 1-0

[Event "41st Olympiad Women 2014"]
[Site "Tromso NOR"]
[Date "2014.08.04"]
[Round "3.11"]
[Board "4"]
[White "Voiska, Margarita"]
[Black "Topel, Zehra"]
[Result "1/2-1/2"]
[WhiteTitle "WGM"]
[BlackTitle "WIM"]
[WhiteElo "2279"]
[BlackElo "2156"]
[WhiteTeam "Bulgaria"]
[BlackTeam "Turkey"]
[WhiteFideId "2900602"]
[BlackFideId "6302661"]
[EventDate "2014.08.02"]

1. Nf3 Nf6 2. g3 g6 3. b3 Bg7 4. Bb2 d6 5. d4 O-O 6. Bg2 Nc6 7. O-O Bg4 8. d5
Nb4 9. c4 Qd7 10. a3 Na6 11. b4 Bh3 12. Nc3 Bxg2 13. Kxg2 c6 14. Qd2 Nc7 15.
dxc6 bxc6 16. Nd4 h5 17. f3 e5 18. Nb3 h4 19. Rad1 Rfd8 20. Qc2 Qe6 21. Na5 d5
22. cxd5 cxd5 23. Na4 Rdc8 24. Nc5 Qe8 25. Nab7 Bf8 26. Qd2 Ne6 27. Rc1 Nxc5 28.
Nxc5 d4 29. e3 Bh6 30. f4 Nd5 31. exd4 exf4 32. Kh1 hxg3 33. hxg3 Ne3 34. Rf3
Qc6 35. d5 Qxd5 36. Qxd5 Nxd5 37. Rd1 Ne3 38. Rd7 Nc4 39. Bf6 a5 40. gxf4 axb4
41. axb4 Re8 1/2-1/2

[Event "41st Olympiad Women 2014"]
[Site "Tromso NOR"]
[Date "2014.08.04"]
[Round "3.12"]
[Board "1"]
[White "Golubenko, Valentina"]
[Black "Ordaz Valdes, Lisandra Teresa"]
[Result "1/2-1/2"]
[WhiteTitle "WGM"]
[BlackTitle "WGM"]
[WhiteElo "2269"]
[BlackElo "2345"]
[WhiteTeam "Croatia"]
[BlackTeam "Cuba"]
[WhiteFideId "4501993"]
[BlackFideId "3506940"]
[EventDate "2014.08.02"]

1. d4 Nf6 2. Nf3 e6 3. c4 Bb4+ 4. Bd2 a5 5. g3 d6 6. Bg2 Nbd7 7. O-O e5 8. e3 c6
9. Bc1 e4 10. Ng5 d5 11. c5 a4 12. a3 Ba5 13. Qxa4 b5 14. Qc2 h6 15. Nxe4 dxe4
16. Bxe4 Nb8 17. Bg2 h5 18. Bd2 Bxd2 19. Nxd2 h4 20. a4 hxg3 21. hxg3 Bh3 22.
Ne4 Bxg2 23. Nxf6+ Qxf6 24. Kxg2 Rxa4 25. Qe4+ Kf8 26. Rxa4 bxa4 27. Qf4 Qxf4
28. gxf4 Na6 29. Ra1 Ke7 30. Rxa4 Nc7 31. Ra7 Kd8 32. e4 Kc8 33. Ra1 Rd8 34. Ra4
f5 35. f3 Re8 36. e5 Kb7 37. Rb4+ Kc8 38. Ra4 Kb7 39. Kg3 Rd8 40. Rb4+ Nb5 41.
e6 Ka6 42. Kh4 Re8 43. Kg5 Rxe6 44. Kxf5 Re3 45. Ra4+ Kb7 46. Rb4 Ka6 47. Ra4+
Kb7 48. Rb4 Ka6 1/2-1/2

[Event "41st Olympiad Women 2014"]
[Site "Tromso NOR"]
[Date "2014.08.04"]
[Round "3.12"]
[Board "2"]
[White "Marrero Lopez, Yaniet"]
[Black "Franciskovic, Borka"]
[Result "1/2-1/2"]
[WhiteTitle "WGM"]
[BlackTitle "WIM"]
[WhiteElo "2324"]
[BlackElo "2318"]
[WhiteTeam "Cuba"]
[BlackTeam "Croatia"]
[WhiteFideId "3503950"]
[BlackFideId "14507943"]
[EventDate "2014.08.02"]

1. e4 c6 2. d4 d5 3. e5 Bf5 4. Nf3 e6 5. Be2 Nd7 6. Nbd2 Ne7 7. O-O Bg6 8. Nb3
Nf5 9. a4 Be7 10. a5 O-O 11. Bf4 Rc8 12. g4 Nh4 13. Nxh4 Bxh4 14. Bg3 Bxg3 15.
hxg3 c5 16. c3 a6 17. f4 f5 18. g5 c4 19. Nd2 Nb8 20. Kg2 Nc6 21. b4 Ne7 22. Rh1
Qd7 23. Qc2 Ra8 24. Nf1 Qc6 25. Ne3 Qd7 26. Nd1 Be8 27. Nb2 Qc7 28. Rh2 g6 29.
Bf3 Rf7 30. Nd1 Bc6 31. Nf2 Raf8 32. Qa2 Qc8 33. Bd1 Bb5 34. Bc2 Rg7 35. Nd1 Nc6
36. Nb2 Na7 37. Rah1 Qd7 38. Nd1 Bc6 39. Ne3 Nb5 40. Qa1 Nc7 41. Rh6 Rff7 42.
Qb1 Nb5 43. Qa1 Nc7 44. Kf2 Qe8 45. Nd1 Nb5 46. Ke3 Qd7 47. Kd2 Nc7 48. Nb2 Rf8
49. Ba4 Nb5 50. Bxb5 Bxb5 51. Nd1 Bc6 52. Ne3 Re8 53. g4 Ree7 54. gxf5 exf5 55.
Nd1 Re8 56. Nb2 Re6 57. Qa3 Rf7 58. Ra1 Rf8 59. Rhh1 Rc8 60. Na4 Bxa4 61. Qxa4
Qb5 62. Ra2 Rcc6 63. Ke3 Rc7 64. Rha1 Rcc6 65. Kf3 Kh8 66. Rh1 Rc7 67. Kg3 Kg8
68. Rh6 Rf7 69. Rhh2 Rc7 70. Rh1 Kh8 71. Rhh2 Kg8 72. Ra1 Kh8 73. Qd1 Kg8 74.
Qf3 Rf7 75. Qd1 Rc7 76. Qc2 Rf7 77. Qa4 Rc7 78. Rha2 Rcc6 79. Rh2 1/2-1/2

[Event "41st Olympiad Women 2014"]
[Site "Tromso NOR"]
[Date "2014.08.04"]
[Round "3.12"]
[Board "3"]
[White "Deur Saric, Zrinka"]
[Black "Pina Vega, Sulennis"]
[Result "1/2-1/2"]
[WhiteTitle "WFM"]
[BlackTitle "WGM"]
[WhiteElo "2113"]
[BlackElo "2270"]
[WhiteTeam "Croatia"]
[BlackTeam "Cuba"]
[WhiteFideId "14512670"]
[BlackFideId "3503151"]
[EventDate "2014.08.02"]

1. e4 c5 2. Nf3 Nc6 3. d4 cxd4 4. Nxd4 e6 5. Nc3 Qc7 6. Be3 a6 7. Qd2 Nf6 8.
O-O-O Bb4 9. f3 Ne7 10. Kb1 Bxc3 11. bxc3 d5 12. Nb3 b5 13. Bg5 Bb7 14. Bd3 Rc8
15. Bxf6 gxf6 16. Kb2 h5 17. Rhe1 Qxh2 18. f4 Rg8 19. Bf1 h4 20. f5 e5 21. Na5
Ba8 22. exd5 Bxd5 23. c4 bxc4 24. Nxc4 Bxc4 25. Bxc4 Rxg2 26. Re2 Rxe2 27. Bxe2
Rb8+ 28. Ka1 Qf4 29. Qxf4 exf4 30. Rd4 Rb6 31. c4 Nxf5 32. Rxf4 Ne3 33. Bd3 Rd6
34. Re4+ Re6 35. Rxh4 Kd7 36. Kb2 Kd6 37. Kc3 Kc5 38. Rh5+ Re5 39. Rh7 Re7 40.
Rh5+ Re5 41. Rh7 Re7 42. Rh5+ Re5 1/2-1/2

[Event "41st Olympiad Women 2014"]
[Site "Tromso NOR"]
[Date "2014.08.04"]
[Round "3.12"]
[Board "4"]
[White "Arribas Robaina, Maritza"]
[Black "Purgar, Ivona"]
[Result "1-0"]
[WhiteTitle "WGM"]
[BlackTitle "WFM"]
[WhiteElo "2291"]
[BlackElo "2102"]
[WhiteTeam "Cuba"]
[BlackTeam "Croatia"]
[WhiteFideId "3501418"]
[BlackFideId "14514451"]
[EventDate "2014.08.02"]

1. Nf3 Nf6 2. g3 b6 3. Bg2 Bb7 4. O-O e6 5. d4 Be7 6. c4 O-O 7. Nc3 Ne4 8. Qc2
Nxc3 9. Qxc3 Be4 10. Bf4 a5 11. Rfd1 Na6 12. a3 Qc8 13. Bh3 Qb7 14. Nd2 Bg6 15.
Bg2 c6 16. Rac1 Rac8 17. e4 Rfd8 18. e5 d5 19. exd6 Bxd6 20. Be3 Be7 21. Ne4
Bxe4 22. Bxe4 Bf6 23. Qb3 Nc7 24. Bf3 h6 25. Rd2 Ne8 26. Rcd1 Nd6 27. Bf4 Bg5
28. Bxg5 hxg5 29. Qc3 Qe7 30. c5 Nb5 31. Qe3 bxc5 32. dxc5 Rxd2 33. Rxd2 a4 34.
Kg2 g6 35. Bd1 Ra8 36. Qe5 Kh7 37. Bc2 Kg8 38. Re2 Kh7 39. h4 Kg8 40. hxg5 Qd8
41. Re4 Qd5 42. Qxd5 cxd5 43. Rxa4 Rc8 44. Bd3 Nc7 45. b4 e5 46. Ra7 Ne6 47. Ba6
Rc6 48. Bb7 Rc7 49. Ra8+ Kg7 50. Bxd5 Nd4 51. c6 Nb5 52. Kf3 Nc3 53. Be4 f5 54.
gxf6+ Kxf6 55. Ra6 g5 56. g4 Ke6 57. a4 Rf7+ 58. Bf5+ Kd5 59. b5 Kc5 60. Ra8 Nd5
61. Re8 Nb6 62. Rxe5+ Kb4 63. Re4+ Ka5 64. Rd4 Nxa4 65. Rxa4+ Kxa4 66. b6 1-0

[Event "41st Olympiad Women 2014"]
[Site "Tromso NOR"]
[Date "2014.08.04"]
[Round "3.13"]
[Board "1"]
[White "Vega Gutierrez, Sabrina"]
[Black "Muzychuk, Anna"]
[Result "0-1"]
[WhiteTitle "IM"]
[BlackTitle "GM"]
[WhiteElo "2395"]
[BlackElo "2555"]
[WhiteTeam "Spain"]
[BlackTeam "Ukraine"]
[WhiteFideId "2219026"]
[BlackFideId "14111330"]
[EventDate "2014.08.02"]

1. e4 c5 2. Nf3 Nc6 3. d4 cxd4 4. Nxd4 g6 5. Nc3 Bg7 6. Nb3 Nf6 7. Bc4 O-O 8.
O-O d6 9. Re1 Ne5 10. Bf1 Bg4 11. f3 Bd7 12. a4 Rc8 13. Nd5 Nxd5 14. exd5 Re8
15. c3 e6 16. f4 Nc4 17. Bxc4 Rxc4 18. dxe6 Rxe6 19. Rxe6 Bxe6 20. Be3 Re4 21.
Bxa7 b6 22. a5 Bxb3 23. Qxb3 Qe7 24. Qb5 Qxa7 25. Qxb6 Qe7 26. g3 Re2 27. a6 Qe4
28. Qb7 d5 29. Qc8+ Bf8 0-1